Uvádzanie faktúr do kontrolného výkazu DPH

Údaje, potrebné vypísať z faktúr do kontrolného výkazu DPH. Po vecnej stránke sa do kontrolného výkazu budú vykazovať len tie transakcie, ktoré podliehajú slovenskej DPH tak na vstupe, ako aj výstupe za dané zdaňovacie obdobie.

Salvato in:
Dettagli Bibliografici
Autore principale: Válek, Juraj, 1981-
Natura: Capitolo di libro
Lingua:slovacco
Soggetti:
Tags: Aggiungi Tag
Nessun Tag, puoi essere il primo ad aggiungerne!!

MARC

LEADER 00000nla a2200000 4500
001 0197331
005 20240502073333.6
041 0 |a slo 
044 |a SK 
245 1 0 |a Uvádzanie faktúr do kontrolného výkazu DPH  |c Juraj Válek 
520 |a Údaje, potrebné vypísať z faktúr do kontrolného výkazu DPH. Po vecnej stránke sa do kontrolného výkazu budú vykazovať len tie transakcie, ktoré podliehajú slovenskej DPH tak na vstupe, ako aj výstupe za dané zdaňovacie obdobie. 
610 2 0 |a dane z hodnoty pridanej 
610 2 0 |a výkazy finančné 
610 2 0 |a povinnosť daňová 
610 2 0 |a priznania daňové 
610 2 0 |a účtovníctvo daňové 
100 1 |a Válek, Juraj, 1981-